Quizzes
Events
Quiz Creation
Community
Videos
Private Events
Remove Ads
Sign In
Join for FREE
Feedback
Dark Mode
Quiz Categories
Sports
Geography
Music
Movies
Television
Just For Fun
Miscellaneous
History
Literature
Language
Science
Gaming
Entertainment
Religion
Holiday
For Kids
Quiz Lab
Recent
Popular Today
Quiz Kudos Today
Editor Picks
Curator Picks
Quizzes by...
Day
Popularity
Type
Ratings
Length
Year
Community
Subscriptions
Recent Discussions
Orange Saloon
Badges
Playlists
Quests
Create
Leaderboards
Showdown
Live 5
Trivia Bingo
Activity
Puzzle Library
Sporcle Events
Private Events
Virtual Trivia
Globe League
Become a Host
Pub Owners
SporcleCon
Opinionation
Our Games
Videos
Blog
Mobile Apps
Partnerships
Remove Ads and Go Orange
Feedback
Music
Pop Music
The Beatles
Song
Album
Lyrics
Bands
Singers
Artist
Clip
Rock
Rap
Classical
Billboard
Country Music
Kpop
Taylor Swift
Music
Pop Music
The Beatles
Song
Album
Lyrics
Bands
Singers
Artist
Clip
Rock
Rap
Classical
Billboard
Country Music
Kpop
Taylor Swift
Random Quiz
Search Sporcle
×
Quiz Lab
Quiz Lab
Music
Song
Type in answers that appear in a list
Type in answers that appear in a list
Classic
Best Score? Go Orange.
MCR Song for each letter of the alphabet ♣ Stats
Can you find a MCR Song for each letter?
By
howellisgod
10m
24 Questions
2,552 Plays
2,552 Plays
2,552 Plays
Comments
Comments
Give Quiz Kudos
Give Quiz Kudos
-
- Ratings
hide this ad
More Info
Replay
Link that replays current quiz
Next Quiz
Link to next quiz in quiz playlist
You Got
0%
They Got
Avg Score
75%
Avg Friend Score
Upgrade to see
Score Distribution
Jump to the score distribution portion of the page
Score
0/24
Timer
10:00
0
Plays Today
Letter
Song
% Correct
D
Drowning Lessons
94.7%
H
Honey, This Mirror Isn't Big Enough For The Two Of Us
93%
C
Cubicles
91.6%
B
Bury me in black
90.6%
I
I'm Not Okay (I Promise)
88.6%
S
Skylines and Turnstiles
88.2%
T
This Is The Best Day Ever
85.6%
W
Welcome To The Black Parade
85.1%
M
Mama
80.9%
G
Give 'em Hell Kid
80.7%
F
Famous Last Words
79.4%
K
The Kids From Yesterday
79.4%
Letter
Song
% Correct
N
Na Na Na
77%
E
Early Sunsets Over Monroeville
75.4%
V
Vampire Money
74.9%
P
Planetary (Go!)
74.4%
A
Ambulance
68.6%
J
The Jetset Life Is Gonna Kill You
65.8%
Y
You Know What They Do To Guys Like Us In Prison
65.5%
O
Our Lady Of Sorrows
63.8%
L
The Light Behind Your Eyes
59.9%
Z
Zero Percent
54.3%
R
Romance
48.4%
U
Under Pressure
39.8%
Quiz Playlist
Details
Report
Send in Message
Add To Playlist
More Info:
Includes covers etc :)
Classic:
Type in answers that appear in a list
Last Updated: Apr 5, 2017
Quiz Scoreboard
CHALLENGE
Sign Up to Join the Scoreboard
Show All
Scores
Hide
Comments
May contain spoilers
Recently Published
An Introduction to Baseball
by treessimontrees
Sports
5m
Movies - When Are They Set?
by FPL_Elf
Movies
5m
Popular People in 1961
by mucciniale
History
6m
More to Explore
Quiz From the Vault
Featured Blog Post
Where Did the Easter Bunny Come From?
hide this ad
You Might Also Like...
Tags
Song Quiz
mcr
My Chemical Romance
Today's Top Quizzes in Music
Browse Music
hide this ad
Today's Top Quizzes in Song
Browse Song
Top Contributed Quizzes in Music
1
Taylor Swift All Songs (2024)
2
Guess the Artist- 70s Songs
3
KPOP LOGIC QUIZ
4
One Thing in Common: Music
5
2010s Album by Cover III
6
Guess the Taylor Swift song (Mystery Song)
7
Taylor Swift Logic Puzzle
8
2010s Album by Cover IV
9
2010s Album by Cover V
10
Kpop Logic Quiz
Explore More
Trending Topics
Marvel
Harry Potter
Disney
NBA
Crossword
Anime
Kpop
The Office
Song
Country
Puzzle
NFL
Pokémon
Soccer
WWE
hide this ad
More By:
howellisgod
Quiz
Plays
Rating
Category
Featured
Created
Name an MCR Song that... ♣
6,145
4.93
Music
Jun 19, 2016
Avengers Logic Puzzle
2,846
3.43
Movies
Jun 11, 2019
Guess the blurry faces
2,584
5.00
Music
Dec 9, 2017
MCR Song for each letter of the alphabet ♣
2,552
4.44
Music
May 7, 2016
Name an MCR Song that...(2)♣
2,512
5.00
Music
Nov 27, 2016
Go to Creator's Profile
Score Distribution
Quiz Creator Spotlight
howellisgod
Follow
Send a Message
Quizzes Created
-
Created Quiz Play Count
-
More By This Creator
Popular Quizzes Today
1
Find the Countries of Europe - No Outlines Minefield
2
Find the US States - No Outlines Minefield
3
The Countries of the World
4
Popular People in 1961
5
US States
6
Find the US States
7
1-10 Letter E Words III
8
Risky Map Clicking: Biggest States A-Z
More Music Quizzes
Ariana Grande Songs by Image
Published
Trending Quizzes
Risky Map Clicking: Least Populous States A-Z
1-10 Letter F Words
1-10 Letter G Words
One Thing in Common: United Kingdom
Not Quite an Element Typing Challenge
Recently Updated
Leaping Animals
pecheneg
Reality TV Shows (A-Z)
bhenderson79
Rickey Henderson's Hall of Fame Teammates
pecheneg
Champions League XIs: Arsenal
pecheneg
Quick Pick: Celebrities in WWE's Hall of Fame
aduchscher
A-Z Keypad Blitz II
pecheneg
Multiple Oscar Actors
pecheneg
Mystery Phrase Blitz: Oscar 'Best Actors'
pecheneg
F. Scott Fitzgerald Novels
LTH
Pick 3 Villains
ddd62291
Trending Topics
NBA
Harry Potter
Marvel
Disney
Crossword
Anime
Kpop
Puzzle
NFL
Soccer
Pokémon
The Office
Country
WWE
Song
Your Account Isn't Verified!
In order to create a playlist on Sporcle, you need to verify the email address you used during registration. Go to your
Sporcle Settings
to finish the process.
Report this User
Report this user for behavior that violates our
Community Guidelines
.
Details:
Send Report
Go to the Sporcle.com Mobile Site →
Comments